Loading...
Literature - European Literature | 0 | 15 | 1 | 1 | 145 | 64 | 108.80 | 2 | 5 |
Literature - British Literature | 0 | 12 | 4 | 0 | 100 | 73 | 111.08 | 1 | 5 |
Literature - World Literature | 0 | 10 | 1 | 1 | 95 | 68 | 104.10 | 1 | 2 |
Philosophy | 0 | 9 | 1 | 2 | 85 | 78 | 114.78 | 0 | 1 |
Literature - American Literature | 0 | 7 | 2 | 1 | 60 | 84 | 118.43 | 0 | 1 |
Mythology | 0 | 5 | 0 | 1 | 50 | 59 | 122.80 | 0 | 1 |
Other Academic | 0 | 2 | 0 | 1 | 20 | 141 | 148.00 | 0 | 0 |
History - Other History | 0 | 2 | 0 | 0 | 20 | 130 | 137.50 | 0 | 0 |
Social Science | 0 | 2 | 2 | 0 | 10 | 106 | 106.00 | 0 | 1 |
Fine Arts - Other Fine Arts | 0 | 1 | 0 | 0 | 10 | 100 | 100.00 | 0 | 0 |
Fine Arts - Painting & Sculpture | 0 | 1 | 0 | 0 | 10 | 143 | 143.00 | 0 | 0 |
History - American History | 0 | 1 | 0 | 0 | 10 | 95 | 95.00 | 0 | 0 |
History - European History | 0 | 1 | 0 | 0 | 10 | 90 | 90.00 | 0 | 0 |
History - World History | 0 | 1 | 0 | 0 | 10 | 112 | 112.00 | 0 | 0 |
Fine Arts - Classical Music | 0 | 1 | 0 | 0 | 10 | 80 | 80.00 | 0 | 1 |
Religion | 0 | 1 | 1 | 0 | 5 | 149 | 149.00 | 0 | 0 |
Science - Chemistry | 0 | 0 | 0 | 0 | 0 | 0.00 | 0 | 0 |